000 00433nam a2200181Ia 4500
001 17580
005 20260306171527.0
008 260306s9999||||xx |||||||||||||| ||und||
041 _aESP
082 _a658.049
_bH54
100 _aHill, Charles W.
_eAUT
245 0 _aCompeting in the global marketplace
260 _c1997
300 _a630 páginas :il
_c28 cm.
650 _aGEN
654 _aCAN
942 _cLIB
_dJUS
_fJUS
_2ddc
_n
999 _c17580
_d17580